New competition in financial services.

Skúmanie účinkov konkurencie u inštitúcií poskytujúcich finančné služby z hľadiska strategického a organizačného riadenia. Prechod finančných ústavov na priamu konkurenciu v sektore, najmä pokiaľ ide o zmeny orientácie z ponuky na dopyt. Posuny v stratégii, rezultujúce z potreby organizačných zmien...

Descrizione completa

Salvato in:
Dettagli Bibliografici
Autore principale: Ennew, C.T
Altri autori: Wright, M., Watkins, T.
Natura: Capitolo di libro
Lingua:inglese
Soggetti:
Tags: Aggiungi Tag
Nessun Tag, puoi essere il primo ad aggiungerne!!

MARC

LEADER 00000naa a2200000 4500
001 r003398
005 20220819194339.9
041 0 |a eng 
044 |a GB 
245 1 0 |a New competition in financial services.  |c C.T. Ennew, M. Wright, T. Watkins 
520 |a Skúmanie účinkov konkurencie u inštitúcií poskytujúcich finančné služby z hľadiska strategického a organizačného riadenia. Prechod finančných ústavov na priamu konkurenciu v sektore, najmä pokiaľ ide o zmeny orientácie z ponuky na dopyt. Posuny v stratégii, rezultujúce z potreby organizačných zmien v súvislosti s novou produkciou a manažérskymi problémami. 
610 2 0 |a služby 
610 2 0 |a financie 
610 2 0 |a banky 
610 2 0 |a konkurencia 
610 2 0 |a ponuka 
610 2 0 |a dopyt 
610 2 0 |a riadenie strategické 
610 2 0 |a manažment 
100 1 |a Ennew, C.T. 
700 1 |a Wright, M. 
700 1 |a Watkins, T.